Las Relaciones económicas entre México y Japón; influencia del desarrollo petrolero mexicano /

Đã lưu trong:
Chi tiết về thư mục
Tác giả chính: Wionczek, Miguel S
Tác giả của công ty: EL colegio de México
Tác giả khác: coord Shinohara, Miyokei coord
Định dạng: Texto
Được phát hành: México: El Colegio de México
Các nhãn: Thêm thẻ
Không có thẻ, Là người đầu tiên thẻ bản ghi này!

MARC

LEADER 00000 a a2200000 04500
001 23921
003
040
020 |a 968-12-0199-X  
090 |a 170100  
100 |a Wionczek, Miguel S  
110 |a EL colegio de México  
245 |a Las Relaciones económicas entre México y Japón; influencia del desarrollo petrolero mexicano /  |c Miguel S Wionczek 
260 |a México:   |b El Colegio de México  
300 |a 246 p.  
700 |a coord   |a Shinohara, Miyokei   |a coord  
999 |c 16559  |d 16559